Normal view
MARC view
Entry Personal Name
001 - CONTROL NUMBER
- control field: 24830
003 - CONTROL NUMBER IDENTIFIER
- control field: OSt
005 - DATE AND TIME OF LATEST TRANSACTION
- control field: 20230524201613.0
008 - FIXED-LENGTH DATA ELEMENTS
- fixed length control field: 230524|| aca||aabn | a|a d
040 ## - CATALOGING SOURCE
- Original cataloging agency: OSt
- Transcribing agency: OSt
100 ## - HEADING--PERSONAL NAME
- Personal name: Michael M.Domach
670 ## - SOURCE DATA FOUND
- Source citation: Work cat.: (OSt)36747: Michael M.Domach, Introduction to Biomedical Engineering, 2004
